Le calcul des résidus et ses applications a la théorie des fonctions /
Guardado en:
| Autor Principal: | |
|---|---|
| Formato: | Libro |
| Idioma: | French |
| Publicado: |
New York :
Chelsea,
1947.
|
| Series: | Collection de monographies sur la théorie des fonctions
|
| Etiquetas: |
Agregar Etiqueta
Sin Etiquetas, Sea el primero en etiquetar este registro!
|
| LEADER | 00584nam a22001695a 4500 | ||
|---|---|---|---|
| 001 | MAT.inmabb000646 | ||
| 008 | 031118s1947####nyu###########001#0#fre#d | ||
| 005 | 20170802123913.0 | ||
| 245 | 1 | 3 | |a Le calcul des résidus et ses applications a la théorie des fonctions / |c par Ernst Lindelöf. |
| 260 | |a New York : |b Chelsea, |c 1947. | ||
| 300 | |a vi, 141 p. | ||
| 440 | 0 | |a Collection de monographies sur la théorie des fonctions | |
| 510 | 4 | |a MR, |c 93f:30001 | |
| 100 | 1 | |a Lindelöf, Ernst Leonard, |d 1870- | |
| 084 | |a 30-01 (01A75) |2 MR | ||
| 010 | |a 47011966 | ||
| 859 | |h 30 |i L743 |p A-447 |b BIB. MATEMATICA | ||
